| 000 | 00724nam a2200241 4500 | ||
|---|---|---|---|
| 003 | OSt | ||
| 005 | 20260530113842.0 | ||
| 008 | 260420b2002 NYUa|||| |||| 00| 0 eng d | ||
| 040 |
_aICI _bspa _cICI |
||
| 050 | 4 |
_aTS171 _bS66 |
|
| 100 | 1 |
_aEmilia Terragni _930371 |
|
| 245 | 1 | 0 |
_aSpoon / _cproject editor Emilia Terragni |
| 264 | 1 |
_bPhaidon, _c2002 _aLondon : |
|
| 300 |
_a444 páginas _bilustraciones (principalmente a color) |
||
| 336 |
_atexto _2rdacontent |
||
| 337 |
_asin medio _2rdamedia |
||
| 338 |
_avolumen _2rdacarrier |
||
| 500 | _aReimpresiones: (2004)( | ||
| 650 | 4 |
_aDiseño industrial _915218 |
|
| 650 | 4 |
_aDiseñadores industriales _930372 |
|
| 700 | 1 |
_aTerragni, Emilia, _eeditor _930373 |
|
| 942 |
_2lcc _cBK |
||
| 999 |
_c11171 _d11171 |
||